Multi-national planning and the development of the lower Mekong Basin (Record no. 17215)

MARC details
000 -LEADER
fixed length control field 00416nam a2200145Ia 4500
082 ## - DEWEY DECIMAL CLASSIFICATION NUMBER
Classification number TS.0424
100 ## - MAIN ENTRY--AUTHOR NAME
Personal name Sharma, R.K.
245 #0 - TITLE STATEMENT
Title Multi-national planning and the development of the lower Mekong Basin
260 ## - PUBLICATION, DISTRIBUTION, ETC. (IMPRINT)
Name of publisher 1970
Year of publication Jawaharlal Nehru University
300 ## - PHYSICAL DESCRIPTION
Number of Pages 186p. + C D - 56
650 ## - SUBJECT ADDED ENTRY--TOPICAL TERM
Topical Term ASIA, SOUTHEASTERN - ECONOMIC CONDITIONS
650 ## - SUBJECT ADDED ENTRY--TOPICAL TERM
Topical Term MEKONG BASIN
710 ## - ADDED ENTRY--CORPORATE NAME
Corporate name or jurisdiction name as entry element Gupta, Ashok
942 ## - ADDED ENTRY ELEMENTS (KOHA)
Koha item type Thesis
Source of classification or shelving scheme Dewey Decimal Classification
Holdings
Withdrawn status Lost status Damaged status Not for loan Home library Current library Date acquired Full call number Accession Number Price effective from Koha item type
        NASSDOC Library NASSDOC Library 08/10/2004 TS.0424 3809 18/04/2019 Thesis